| 000 | 01209nam a22002657a 4500 | ||
|---|---|---|---|
| 003 | Uzh_bibl | ||
| 008 | 260429b |||||||| |||| 00| 0 ukr d | ||
| 020 |
_a966-7492-02-8 _c40.00 |
||
| 040 | _bукр. | ||
| 041 |
_2ukr _aukr |
||
| 080 | _a340.12 | ||
| 090 |
_a340.12 _bЮ70 |
||
| 100 | _a- | ||
| 245 |
_aЮридична енциклопедія в 6 томах _cРедкол. Ю.С.Шемшученко _hТекст |
||
| 260 |
_aКиїв _b"Українська енциклопедія" імені М.П.Бажана _c1999 |
||
| 300 |
_a744 с. _bіл. _fВ опр. |
||
| 490 | _vТ.2 | ||
| 520 | _aЮридична енциклопедія - перший в Україні багатотомний систематизований звіт знань про державу і право. У другому томі подано 1595 статей, карти та ілюстрований матеріал. | ||
| 521 | _aДля широкого кола читачів | ||
| 546 | _aукр. | ||
| 650 | _aДовідкове видання | ||
| 653 |
_aДержава _aПраво _aЗвіт |
||
| 655 |
_aДовідкова література _vКарти _vСтатті |
||
| 942 |
_2udc _cBK |
||
| 999 |
_c17558 _d17558 |
||